000 00363pab a2200157 454500
008 180718b2002 xxu||||| |||| 00| 0 eng d
100 _aThomas, E.C.
245 _aRenewable energy in India
260 _c2002
300 _ap.47-50.
362 _aOct
650 _aEnergy resources - India
650 _aEnergy resources
773 _aYojana
909 _a53903
999 _c53903
_d53903